| 000 | 00791nam a2200229Ia 4500 | ||
|---|---|---|---|
| 003 | GCL | ||
| 008 | 140319s9999 xx 000 0 ara d | ||
| 040 |
_aGCL / _cGCL |
||
| 082 | 0 | 4 |
_a212.2 _bع هـ |
| 100 | 1 | _aعبدالرحمن بن عبدالله بن محمد الزيد | |
| 245 | 1 | 0 |
_aالهدى الاسلامى للغرائز عن الانسان / _cعبدالرحمن بن عبدالله بن محمد الزيد |
| 260 |
_aالرياض : _bجامعة ام القرى |
||
| 300 |
_a130 ص ؛ _c24 سم |
||
| 490 | _a | ||
| 650 | 0 | 4 | _aالاخلاق الاسلامية |
| 650 | 0 | 4 | _aالاسلام والبنوك |
| 650 | 0 | 4 | _aالوعظ والارشاد |
| 650 | 0 | 4 | _aالغرائز |
| 650 | 0 | 4 | _aالاسلام والفطرة |
| 650 | 0 | 4 | _aالكفر |
| 942 |
_2ddc _cBK |
||
| 999 |
_c34608 _d34608 |
||